Visualizzazione normale
Vista MARC
- Clero
di Topical Term
Records bibliografici associati: 1
001 - CONTROL NUMBER
- control field: 23202
003 - CONTROL NUMBER IDENTIFIER
- control field: IT-RoINE
005 - DATE AND TIME OF LATEST TRANSACTION
- control field: 20160330122009.0
008 - FIXED-LENGTH DATA ELEMENTS
- fixed length control field: 160330|| aca||aabn | a|a d
040 ## - CATALOGING SOURCE
- Original cataloging agency: IT-RoINE
- Transcribing agency: IT-RoINE
150 ## - HEADING--TOPICAL TERM
- Topical term or geographic name as entry element: Clero
- Geographic subdivision: España
- General subdivision: Historia
- Chronological subdivision: Siglo 15o.
670 ## - SOURCE DATA FOUND
- Source citation: Work cat.: (IT-RoINE)0: Franco Silva, Alfonso 7294, El arzobispo de Toledo, Alonso Carrillo :, 2014.